[Event "Hamburg-chA"]
[Site "Hamburg"]
[Date "2018.05.23"]
[Round "4"]
[White "Vesovic, Alexandar"]
[Black "Kropp, Leon"]
[Result "1/2-1/2"]
[WhiteElo "1539"]
[BlackElo "1671"]
[PlyCount "51"]
[EventDate "2018.05.19"]
[EventType "swiss"]
[EventRounds "7"]
[EventCountry "GER"]
[SourceTitle "EXT 2020"]
[Source "ChessBase"]
[SourceDate "2019.10.17"]
[SourceVersion "1"]
[SourceVersionDate "2019.10.17"]
[SourceQuality "1"]

1. e4 c5 2. Nf3 d6 3. d4 cxd4 4. Nxd4 Nf6 5. Nc3 a6 6. Be2 e6 7. 0-0 Be7 8. f4 Nbd7 9. Bf3 0-0 10. Qe2 e5 11. Nf5 Nc5 12. Nxe7+ Qxe7 13. f5 d5 14. Bg5 dxe4 15. Nxe4 Ncxe4 16. Bxe4 Qd6 17. Rad1 Qb6+ 18. Kh1 Nxe4 19. Qxe4 f6 20. Bc1 Rd8 21. Qc4+ Kh8 22. Rxd8+ Qxd8 23. Qe4 Bd7 24. Be3 Bc6 25. Qg4 Qd5 26. a3 1/2-1/2

[Event "Hamburg-chA"]
[Site "Hamburg"]
[Date "2018.05.20"]
[Round "2"]
[White "Spreu, Joerg"]
[Black "Kropp, Leon"]
[Result "1/2-1/2"]
[WhiteElo "1488"]
[BlackElo "1671"]
[PlyCount "51"]
[EventDate "2018.05.19"]
[EventType "swiss"]
[EventRounds "7"]
[EventCountry "GER"]
[SourceTitle "EXT 2020"]
[Source "ChessBase"]
[SourceDate "2019.10.17"]
[SourceVersion "1"]
[SourceVersionDate "2019.10.17"]
[SourceQuality "1"]

1. Nf3 Nf6 2. g3 g6 3. Bg2 Bg7 4. d4 0-0 5. c4 d6 6. 0-0 Nbd7 7. b3 e5 8. Bb2 Qe7 9. dxe5 Nxe5 10. Nxe5 dxe5 11. Ba3 c5 12. Nc3 Rb8 13. Qc2 b6 14. Rad1 Bb7 15. Nd5 Bxd5 16. Bxd5 Nxd5 17. Rxd5 Rbd8 18. Rfd1 f5 19. Qd2 Rxd5 20. Qxd5+ Kh8 21. Qd7 Qf6 22. Qd6 Qg5 23. Bc1 f4 24. Qd3 Qf6 25. Qd6 Qg5 26. Qd5 1/2-1/2